Právo Európskej únie inštitucionálny systém a právny poriadok Únie s judikatúrou

Enregistré dans:
Détails bibliographiques
Auteur principal: Siman, Michael
Autres auteurs: Slašťan, Miroslav
Format: Livre
Langue:slovaque
Publié: Bratislava EUROIURIS 2012
Sujets:
Tags: Ajouter un tag
Pas de tags, Soyez le premier à ajouter un tag!

MARC

LEADER 00000nam a2200000 4500
001 0173391
005 20240313133409.4
020 |a 978-80-89406-12-8 
041 0 |a slo 
044 |a SK 
245 1 0 |a Právo Európskej únie  |b inštitucionálny systém a právny poriadok Únie s judikatúrou  |c Michael Siman, Miroslav Slašťan 
264 1 |a Bratislava  |b EUROIURIS  |c 2012 
300 |a 1232 s. 
610 2 0 |a právo európske 
610 2 0 |a právo medzinárodné 
610 2 0 |a poriadok právny 
610 2 0 |a inštitúcie verejnoprávne 
610 2 0 |a Európska únia 
100 1 |a Siman, Michael 
700 1 |a Slašťan, Miroslav